|
|
|
|
| LEADER |
00000cam a2200000 7i4500 |
| 001 |
0000004701 |
| 005 |
20090719.0 |
| 008 |
090719 my v may |
| 040 |
|
|
|a INS
|
| 090 |
0 |
0 |
|a VCD 1705
|
| 245 |
0 |
0 |
|a Peranan Keluarga dalam kecemerlangan organisasi [
|h cakera video]
|c oleh Ustaz Badrul Amin :
|b 25 Oktober 1996
|
| 260 |
|
|
|a Bangi :
|b Institut Penilaian Negara ,
|c 1996
|
| 300 |
|
|
|a 1 cakera video (1 jam 30 min.) :
|b bny., wrn. ;
|c 4 3/4 in.
|
| 500 |
|
|
|a Juga terdapat dalam format VHS 673
|
| 710 |
1 |
|
|a Institut Penilaian Negara
|
| 999 |
|
|
|a VCD0001705
|b DIGITAL VIDEO CD
|c Media Collection
|e Default branch
|